Measurement of gas by turbine meters /
Guardado en:
| Autor Corporativo: | |
|---|---|
| Formato: | Libro |
| Idioma: | English |
| Publicado: |
Arlington, Va. :
AGA,
c1985.
|
| Series: | Transmission measurement comittee report ;
nº. 7 |
| Materias: | |
| Etiquetas: |
Agregar Etiqueta
Sin Etiquetas, Sea el primero en etiquetar este registro!
|
| LEADER | 00648nam a22001695a 4500 | ||
|---|---|---|---|
| 001 | EIQ.libpla001903 | ||
| 008 | 070301s1985####xx#a##########000#0#eng#d | ||
| 005 | 20070301171805.0 | ||
| 245 | 1 | 0 | |a Measurement of gas by turbine meters / |c prepared by the turbine meter task group American Gas Association. |
| 260 | |a Arlington, Va. : |b AGA, |c c1985. | ||
| 300 | |a vi, 41 p. : |b il., tablas ; |c 25 cm. | ||
| 440 | 0 | |a Transmission measurement comittee report ; |v nº. 7 | |
| 650 | 4 | |a Gas natural |x Turbina. | |
| 650 | 4 | |a Natural gas |x Turbine. | |
| 040 | |a AR-BbSID |b spa |c AR-BbSID | ||
| 110 | 2 | |a American Gas Association. | |
| 859 | |a AR-BbSID |b BIB. PLAPIQUI |h 665.71 |i Am 35m |k R |p 5010 | ||
